000 01646nam a22002537a 4500
005 20220210115436.0
008 220210s1934 ar ||||fr|||| 00| e spa d
040 _aCO-BoUCM
_bspa
_cSandra Yazo
_dSandra Yazo
041 0 _aspa
082 _220
_a864
092 _aE51N086
100 1 _aMelián Lafinur, Álvaro
_d1889-1958
_9173274
245 1 0 _aLa disputa de los siglos.
_cÁlvaro Melián Lafinur ; Prólogo de Juan B. Terán
260 _aBuenos Aires (Argentina)
_bM. Gleizer ; Francisco A. Colombo
_g1934
300 _a190 páginas
_c19 x 14 cm.
500 _aDetalles físicos: Encuadernación rústica (cartulina). Tapa delantera y lomo impresos en dos tintas, con datos de publicación de la obra. Tapa posterior, con marca tipográfica de M. Gleizer, el editor. Hoja de cortesía. Anteportada. Portada impresa en una sola tinta. Texto impreso en una columna, con diferentes tipos y tamaños de letra. Mayúsculas iniciales. Índice. Tapas en regular estado. Lomo roto. Varias hojas sin refilar. Desgarrones en papel de portada. Papel amarillento en bordes.
505 0 _aLa disputa de los siglos. Oración al Mediterráneo. Reflexiones ante la Acrópolis. Diálogo sobre el poder. Diálogo de las amantes. Carácter y grandeza de la literatura italiana. Diálogo gongorino. El alma latina. La revaloración hispánica.
506 _aConsulta en sala
650 7 _914550
_aEnsayos argentinos
_ySiglo XIX - XX
650 7 _918607
_aLiteratura argentina
690 _aLiteratura latinoamericana
_918700
700 1 _aTerán, Juan B.
_d1880-1938
_eprólogo
_q(Juan Benjamín)
_9173275
942 _2LOCAL
_cLIBRO
_e1
_hE51N086
999 _c320550
_d320550